000 00899nam a2200205Ia 4500
008 0000001998 sp a 0000000000cat00
090 _aPSP00 L42m
100 1 _aLledós, Manel
_d1955
245 1 0 _aManel Lledós
_c/ fotografies Nadjeljko Matura ; traduccions Montse Holgado, Maryanne Newman
300 _a[30] p.
_c/ 28 cm.
500 _aExposición realizada en Galeria Joan Prats, Barcelona, AbrilMayo, 1998 \ Con el patronazgo del maestro venezolano Jesús Rafael Soto (q.e.p.d.) \ Registro auspiciado por el IDCT. Bogotá
600 0 0 _aLLEDOS, MANEL, 1955/
_xTRABAJOS PICTORICOS
650 1 4 _a,PINTURA ESPAÑOLA
650 1 4 _aARTE CONTEMPORANEO ESPAÑOL
650 1 4 _xCATALOGOS
650 1 4 _xEXPOSICIONES
650 1 4 _aPINTORES ESPAÑOLES
700 1 _aMatura, Nadjelko \ Holgado, Montse, tr. \ Newman, Maryanne, tr.
999 _c3367
_d3367
260 _aBarcelona : Galeria Joan Prats
_c1998